LEADER 01058nam a2200277 u 4500 001 000000037131 003 CaOOAMICUS 005 20070226113730.0 008 980401s1967 it u000 u ita u 035 $a10788722 040 $aBAV$bita 100 1 $aLandolt, Eduard,$d1921-$0(OLS)http://pul/name/27929 245 10$aGelassenheit di Martin Heidegger /$cEduard Landolt. 250 $aNuova ed. 260 $aMilano :$bMarzorati,$c1967. 300 $a320 p. ;$c22 cm 490 1 $aHeideggeriana ;$v1 504 $aComprende indicazioni bibliografiche. 700 1 $aHeidegger, Martin,$d1889-1976.$tGelassenheit.$0(OLS)http://pul/name/27930 830 0$aHeideggeriana ;$v1.$0(OLS)http://pul/title/50606 850 $aPUL 852 $aPUL$W1$xSL Filosofia 1$y2$m90 G 28$j50785$nBK-PRI$b $qStampati$B50785$CPULBib$Z2$F50785 $H $81 941 1 $a8 961 $aINV: 28521 996 $6245$aGelassenheit di Martin Heidegger$9(OLS)http://pul/title/50605 996 $6260$aMilano :$bMarzorati$9(OLS)http://pul/publisher/49236 LEADER 01147nam a2200265 u 4500 001 000000116819 003 CaOOAMICUS 005 20090731150128.0 008 090731s2008 it u000 u ita r 020 $z978-88-8483-654-0* 040 $aPUL$bita$dLDB 100 1 $aChimirri, Giovanni,$d1959-$0(OLS)http://pul/name/32518 245 10$aFilosofia e teologia della storia :$bl'esistenza umana in divenire /$cGiovanni Chimirri. 260 $aMilano :$bMimesis,$cc2008. 300 $a318 p. ;$c21 cm. 504 $aBibliografia: p. 311-318 650 4$aStoria$xFilosofia.$0(OLS)http://pul/subject/497 650 4$aTeologia della storia.$0(OLS)http://pul/subject/4480 850 $aPUL 852 $aPUL$W1$xSL Cons. Gen., Altre Classi 3$y75$m901 CHIGI 1$j133963$qDDC 21$B132992$CPULBib$Z2$F132992 $H111170 $82 941 1 $a9 960 $aFilosofia della storia$9497 996 $6020$z978-88-8483-654-0*$9(OLS)http://pul/number/141602 996 $6245$aFilosofia e teologia della storia :$bl'esistenza umana in divenire$9(OLS)http://pul/title/146866 996 $6260$aMilano :$bMimesis$9(OLS)http://pul/publisher/62763